Países mais desenvolvidos por hemisfério - Statistics

Estatísticas Gerais
  • Esse quiz foi jogado 63 vezes
  • A pontuação média é 15 de 20
Estatísticas das Respostas
IDH Países % Correto
0,959 Alemanha / Suécia
96%
0,865 Argentina
96%
0,786 Brasil
96%
0,958 Austrália
95%
0,970 Noruega / Suíça
95%
0,878 Chile
93%
0,948 Finlândia
89%
0,938 Nova Zelândia
89%
0,946 Singapura / Reino Unido
84%
0,862 Uruguai
84%
0,962 Dinamarca
82%
0,972 Islândia
77%
0,955 Países Baixos
74%
0,951 Bélgica
70%
0,798 Peru
68%
0,777 Equador
63%
0,949 Irlanda
60%
0,940 Emirados Árabes Unidos
46%
0,848 Seychelles
32%
0,806 Maurícia
30%
Nenhum quiz correspondente encontrado
Distribuição das Pontuações
Porcentagem de Pessoas com Cada Pontuação
Percentil de Números Respondidos
Sua Pontuação Histórica
Você não jogou esse quiz